[Event "ARM-ch Rapid 2019"]
[Site "Yerevan"]
[Date "2019.01.22"]
[Round "4.2"]
[White "Babujian, Levon"]
[Black "Chibukhchian, Artur"]
[Result "0-1"]
[WhiteElo "2488"]
[BlackElo "2384"]
[Annotator "TA"]
[PlyCount "292"]
[EventDate "2019.01.22"]
[EventType "tourn"]
[EventCountry "ARM"]

{[%evp 9,292,40,39,18,26,-7,-2,-30,10,10,7,4,5,-13,0,0,0,-10,61,76,97,97,97,94,135,75,75,75,113,122,176,109,117,104,127,110,120,120,116,114,105,100,102,92,93,10,23,-10,-10,-16,-9,-156,-155,-406,-406,-411,-397,-403,-396,-400,-409,-395,-365,-386,-354,-380,-341,-377,-373,-444,-451,-533,-536,-573,-522,-494,-475,-500,-460,-568,-562,-563,-474,-528,-479,-468,-376,-391,-391,-387,-379,-430,-428,-407,-369,-430,-426,-559,-552,-530,-425,-415,-414,-530,-473,-483,-414,-368,-318,-450,-450,-420,-274,-862,-827,-881,-780,-1352,-637,-881,-506,-457,-393,-1340,-225,-29950,-29946,-29944,-29945,-29942,-29945,-29942,-25,-29938,-29939,-29943,-29947,-29945,-29947,-29947,-29947,-29949,-1808,-1364,-1220,-29953,-29954,-29952,-29947,-29942,0,-29953,-1138,-29940,-29943,-12839,-12847,-29946,-29948,-29947,-29950,-29948,-29950,-29955,-29957,-29957,-29956,-29957,-29951,-29951,0,-29945,-29948,-12847,-12578,-29960,-29961,-29969,-29969,-29967,-29970,-29966,-29972,-29975,-29977,-29985,-29983,-29971,-29972,-29988,-29989,-29992,-14,-14,-14,-14,-14,-14,-14,-29975,-29976,-29974,-29977,-29980,-29981,-29981,-29979,-29979,-29980,-29980,-29980,-29980,-29980,-29980,-29981,-29982,-29982,-29983,-29983,-29983,-29983,-29984,-29984,-29984,-29983,-29983,-29982,-29984,-29979,-29985,-29978,-29978,-29977,-29979,-29971,-4137,0,-29979,-29975,-29975,-29975,-29976,-29977,-29976,-29977,-29977,-29978,-29978,-29979,-29979,-29980,-29980,-29981,-29981,-29980,-29982,-29974,-29983,-29982,-29987,-29985,-29988,-29987,-29989,-29990,-29990,-29990,-29991,-29992,-29992,-29992,-29992,-29992,-29993,-29994,-29994,-29995,-29995,-29996,-29996,-29997,-29997,-29998,-29998,-29999]} 1. d4 d5 2. Nf3 Nc6 3. g3 Bg4 4. Bg2 e6 5. O-O Nf6 {LiveBook: 72 Games} 6. h3 {D02: 1 d4 d5 2 Nf3 sidelines, including 2...Nf6 3 g3 and 2...Nf6 3 Bf4} (6. c4 $5) (6. c4 Bd6 7. Nc3 O-O 8. cxd5 Nxd5 9. h3 Bh5 10. e4 Nb6 11. g4 Bg6 12. Qe2 f5 13. Rd1 Qe8 14. gxf5 Bh5 15. fxe6 Qxe6 16. e5 Rae8 {½-½ (42) Almasi,Z (2695)-Anton Guijarro,D (2607) Germany 2014}) 6... Bf5 7. Bf4 Bd6 8. Bxd6 {The position is equal.} Qxd6 9. c4 $146 ({Predecessor:} 9. e3 O-O 10. c3 Rad8 11. Qb3 b6 12. Qa3 h6 13. Qxd6 cxd6 {0-1 (33) Zoeller,B-Dey,J (2243) Bayern 2013}) 9... Qb4 10. cxd5 exd5 11. Qb3 (11. b3 {feels hotter.} O-O 12. e3 Rfe8 13. a3 Qa5 14. Nh4) 11... Qxb3 12. axb3 Nb4 13. Nc3 c6 (13... Ke7 $11) 14. Ra4 $14 Na6 15. Rfa1 $1 Nd7 16. Bf1 Bc2 17. Nd2 ({Better is} 17. Ne1 Bf5 18. e3) 17... Nb6 $16 18. Ra5 Nc8 19. e4 Nc7 (19... Bxe4 $16 {was necessary.} 20. Bxa6 (20. Ncxe4 dxe4 21. Re5+ Kd7 $16) 20... bxa6) 20. exd5 (20. f3 $1 $18) 20... b6 21. R5a3 {Re1+ is the strong threat.} cxd5 22. Bg2 O-O 23. Nxd5 Nxd5 24. Bxd5 Rb8 25. Rc1 Bg6 26. b4 Rd8 27. Re3 (27. Bg2 $16) 27... Kf8 $11 28. Rce1 Nd6 29. Bg2 Nf5 30. Ra3 (30. Rc3 $1 $11 {keeps the balance.}) 30... Nxd4 $17 {White must now prevent ...Nc2.} 31. Rxa7 $2 (31. Ra2 $17 {is a better defense.}) 31... Nb5 $1 $19 {[%csl LRa7,LRd2]} 32. Rae7 Rxd2 33. Bc6 {Re8+ would kill now.} Nd6 34. g4 Rd8 35. b3 b5 36. R7e5 Rd4 37. Rc5 Rd3 38. Kh2 f6 39. Bd5 Rd4 40. Be6 Rxb4 41. Rc7 Re4 42. Rxe4 Bxe4 43. b4 Bd3 44. f3 Bc4 45. Bd7 Bf7 46. Kg3 Rb8 47. h4 Rb7 48. Rxb7 Nxb7 49. Bxb5 Nd6 50. Bc6 Bc4 51. Kf4 Ke7 52. Ke3 Nb5 53. g5 Kd6 54. Be4 Bg8 55. Bd3 Nc7 56. b5 Nd5+ 57. Kd4 Nb6 58. f4 fxg5 59. fxg5 (59. hxg5 {was forced.} Nd5 60. f5) 59... g6 60. Be2 Be6 61. h5 $2 (61. Bd3) 61... gxh5 62. Bxh5 Bf5 $1 63. Bf7 Nd7 64. Bd5 Bg6 65. Bg2 Nb6 66. Bf1 $2 (66. Bb7) 66... Nc8 $2 (66... Nd5 {Hoping for ...Nc7.} 67. Bc4 Nf4) 67. Ke3 $2 (67. Bg2 $19) 67... Ke5 68. Kf3 Bf5 69. Kg3 Nb6 70. Be2 Nd7 $2 (70... Nd5 71. Bh5 Bg6 72. Be2 Kd4 73. Bg4 Kc5 74. Bd7 Nb4 75. Kf4 Nd3+ 76. Ke3 Ne5 77. Be6 Kxb5 78. Bc8 Kc6 79. Bh3 Kc5 80. Bc8 Nd3 81. Be6 Kd6 82. Bc4 Nc5 83. Kf4 Ne6+ 84. Kg4 Ke5 85. Bb3 Nc5 86. Bg8 Ne4 87. Bb3 Bf5+ 88. Kh5 Kf4 89. Bf7 Nxg5 90. Bc4 Ne4 91. Bf7 Nd6 92. Bb3 Bg6+ 93. Kh4 Nf5+ 94. Kh3 Bh5 95. Kg2 Bg4 96. Kh2 h5 97. Bd5 Nd4 98. Bc4 Nf3+ 99. Kg2 Nd2 100. Bb5 Bf5 101. Ba6 h4 102. Kf2 h3 103. Ke1 h2 104. Bb7 Nf3+ 105. Bxf3 Kxf3 106. Kd2 h1=Q 107. Kc3 Qh4 108. Kb3 Qd4 109. Ka3 Qc3+ 110. Ka2 Qb4 111. Ka1 Qb1#) 71. Bf1 $2 {[%mdl 8192]} (71. Bg4 $11) 71... Be4 72. Kh4 Bg6 73. Kg4 Nb6 74. Be2 Nd5 75. Bf3 Ne3+ (75... Kd6 $142 76. Be2 Kc5 77. Kg3 Nc3 78. Bf1 Nxb5 79. Kf4 Na3 80. Bh3 Nc4 81. Bf5 Kd4 82. Bg4 Ne5 83. Bc8 Nd3+ 84. Kg4 Ke5 85. Bd7 Nf2+ 86. Kf3 Ne4 87. Kg4 Nd6 88. Ba4 Bf5+ 89. Kf3 Ne4 90. Bc6 Nxg5+ 91. Kg3 Ne4+ 92. Kh4 Kf4 93. Bd5 Nd6 94. Kh5 Bg6+ 95. Kh4 Bf7 96. Bc6 Be6 97. Ba4 Bg4 98. Bc2 Nf5+ 99. Bxf5 Kxf5 100. Kg3 Kg5 101. Kf2 Kf4 102. Kf1 h5 103. Kf2 h4 104. Kg2 Ke3 105. Kg1 h3 106. Kf1 Be2+ 107. Kg1 Kf3 108. Kh2 Kg4 109. Kg1 Kg3 110. Kh1 Bf3+ 111. Kg1 h2+ 112. Kf1 h1=Q#) 76. Kg3 Nc4 77. Bc6 Kd6 78. Kf4 Kc5 79. Bd7 Kd6 80. Bc6 $1 Ne5 (80... Na3 $142 81. Kg4 Kc5 82. Bd7 Nxb5 83. Kf4 Nd4 84. Ke5 Nf3+ 85. Kf4 Kd6 86. Bc8 Ne1 87. Ba6 Nd3+ 88. Kg3 Ke5 89. Bc4 Bf5 90. Ba2 Nc5 91. Kh4 Ne4 92. Bg8 Kf4 93. Kh5 Nxg5 94. Bc4 Bg6+ 95. Kh6 Nf3 96. Bg8 Ng5 97. Bb3 Kf5 98. Bc2+ Ne4 99. Kg7 h5 100. Bd3 h4 101. Bb5 Nd6 102. Bf1 Kg5 103. Kf8 Nf5 104. Bg2 Kg4 105. Be4 h3 106. Bc6 h2 107. Be4 Nd6 108. Bd5 Be4 109. Bg8 h1=Q 110. Be6+ Kf4 111. Ba2 Qh6+ 112. Ke7 Nf5+ 113. Ke8 Qf6 114. Kd7 Qd6+ 115. Ke8 Qe7#) 81. Bg2 Nd3+ 82. Ke3 Kc5 83. Bf1 Ne5 84. Kf4 Nf7 85. Be2 Nd6 86. Ke5 Nxb5 87. Bd1 Nd4 88. Bg4 Nc6+ 89. Kf6 Nd4 90. Ke5 Kc4 91. Bc8 Nf3+ 92. Kf6 {[#]} Kd4 $1 93. Bb7 Ke3 94. Bd5 Kf4 95. Bg8 Nxg5 96. Kg7 Kf5 97. Bb3 h5 98. Bc2+ Ne4 99. Kh6 h4 100. Ba4 h3 $2 (100... Kf6 {mates} 101. Bc2 h3 102. Bd3 h2 103. Bxe4 Bxe4 104. Kh5 h1=Q+ 105. Kg4 Qg2+ 106. Kh4 Bd3 107. Kh5 Qh3#) 101. Bd7+ $11 Kf6 102. Bxh3 Ng5 {[%cal Rg5f7]} 103. Be6 $1 Nf3 {( -> ...Ne5)} 104. Bg4 $2 {[%mdl 8192] [#]} (104. Bd7 $11 Ne5 105. Be6 Kxe6 106. Kg7) 104... Ne5 $1 {[%cal Re5g4]} 105. Be6 Kxe6 106. Kg5 Bf5 107. Kf4 Nf7 108. Ke3 Ke5 109. Kf3 Ng5+ 110. Ke3 Be4 111. Kd2 Kd4 112. Ke2 Nh3 113. Kd2 Bd3 114. Kc1 Kc3 115. Kd1 Ng5 {[%cal Bh3g5,Bg5e4,Be4d2][%mdl 32]} 116. Kc1 Ne4 117. Kd1 Bc4 118. Kc1 Ba2 119. Kd1 Be6 120. Ke2 Kd4 121. Kf3 Nd2+ 122. Kf4 Ne4 123. Kf3 Ke5 {Black mates.} 124. Ke3 Nc5 125. Kd2 Kd4 126. Ke2 Bg4+ 127. Kd2 Nb3+ 128. Kc2 Kc4 129. Kb2 Bf5 130. Ka3 Kc3 131. Ka2 Be4 132. Ka3 Bb1 133. Ka4 Nd4 134. Ka3 Nb5+ 135. Ka4 Kc4 {[%cal Bc3c4,Bc4c5,Bc5c6,Bc6c7][%mdl 32]} 136. Ka5 Kc5 137. Ka4 Bc2+ {[%cal Bb1c2,Bc2d1,Bd1e2,Be2d3][%mdl 32]} 138. Ka5 Nd6 139. Ka6 Bd1 140. Ka5 Nb7+ 141. Ka6 Kc6 142. Ka7 Kc7 143. Ka6 Be2+ 144. Ka7 Nd6 145. Ka8 Bd3 146. Ka7 Nc8+ {Precision: White = 31%, Black = 70%.} 0-1

[Event "ARM-ch Rapid 2019"]
[Site "Yerevan"]
[Date "2019.01.22"]
[Round "4.3"]
[White "Petrosian, Tigran L."]
[Black "Martirosyan, Haik M."]
[Result "0-1"]
[WhiteElo "2598"]
[BlackElo "2607"]
[Annotator "TA"]
[PlyCount "60"]
[EventDate "2019.01.22"]
[EventType "tourn"]
[EventCountry "ARM"]

{[%evp 18,60,14,9,15,9,20,10,12,15,19,13,14,15,20,0,0,0,0,-50,15,18,22,22,33,31,23,22,29,33,37,-24,-32,-27,-35,-40,-31,-37,-38,-87,-39,-79,-67,-658,-655]} 1. Nf3 Nf6 2. d4 e6 3. e3 b6 4. Bd3 Bb7 5. O-O c5 6. b3 Be7 7. Bb2 O-O 8. Nbd2 d5 9. Qe2 Nbd7 {D05: Colle System with ...e6} 10. Rfd1 {LiveBook: 9 Publish game on website} (10. c4 cxd4 11. exd4 Re8 12. Rac1 Rc8 13. Rfd1 Bf8 14. Ne5 dxc4 15. bxc4 Nxe5 16. dxe5 Nd7 17. Be4 Qc7 18. Bxb7 Qxb7 19. Ne4 {1-0 (49) Mamedyarov,S (2804)-Ju,W (2572) chess.com INT 2018}) 10... cxd4 $146 ({You set blue moves yourself with the critical opening position annotation.:} 10... Rc8 11. c4 Qc7 12. Rac1 Qb8 13. cxd5 Nxd5 14. Bb5 N7f6 15. dxc5 Bxc5 {½-½ (23) Morovic Fernandez,I (2550)-Xu,Y (2444) Moscow 2017}) 11. exd4 Rc8 {The position is equal.} 12. a3 Rc7 13. Re1 Qa8 14. Rac1 Rfc8 15. Ng5 {Hoping for &Wf7!} Nf8 16. f3 b5 17. c3 a6 18. b4 Ne8 (18... Bd6 $15) 19. f4 $11 Nd6 20. Nb3 h6 21. Nf3 Ne4 {[%cal Re4c3]} 22. Nc5 Bd6 23. g3 Nd7 24. Nxb7 ({White should play} 24. a4 $14) 24... Qxb7 25. Bxe4 dxe4 26. Qxe4 Qxe4 27. Rxe4 Nb6 28. Ne1 a5 29. bxa5 Nc4 30. Rb1 $2 {[%mdl 8192] [#]} (30. Rc2 $15) 30... Nd2 {[%mdl 64] NOTEXT-4834. NOTEXT-4805: Tournament = 35%, Annotator = 60%.} 0-1

[Event "ARM-ch Rapid 2019"]
[Site "Yerevan"]
[Date "2019.01.22"]
[Round "4.4"]
[White "Danielyan, Vahe"]
[Black "Andriasian, Zaven"]
[Result "0-1"]
[WhiteElo "2186"]
[BlackElo "2604"]
[Annotator "TA"]
[PlyCount "82"]
[EventDate "2019.01.22"]
[EventType "tourn"]
[EventCountry "ARM"]

{[%evp 14,82,28,3,64,-7,0,0,0,0,11,-6,29,-120,2,-4,-6,-89,-114,-89,-103,-249,-249,-267,-266,-281,-280,-258,-126,-208,-149,-155,-151,-288,-270,-273,-156,-143,-78,-95,0,0,7,-127,0,-295,-284,-324,-315,-379,-375,-376,-368,-351,-372,-364,-365,-356,-360,-360,-356,-620,-606,-579,-557,-1156,-1123,-1176,-996,-29986,-844]} 1. e4 c6 2. Nc3 d5 3. Nf3 Bg4 4. h3 Bxf3 5. Qxf3 Nf6 6. d3 e6 7. Bd2 Bb4 8. O-O-O {LiveBook: 6 Games. B11: Caro-Kann: Two Knights Variation} Na6 (8... d4 $11 9. Nb1 Bd6) 9. Qg3 $146 ({White should play} 9. a3 $14 Ba5 10. e5) ({Predecessor:} 9. e5 d4 10. Ne2 Bxd2+ 11. Rxd2 Nd7 12. Nxd4 Qa5 13. a3 Qxe5 14. Nb3 Nac5 15. Nxc5 Qxc5 {½-½ (38) Christiansen,J (2457)-Svane,R (2595) Douglas 2017}) 9... d4 $1 $11 {[%cal Rd4c3]} 10. Nb1 {The position is equal.} Bxd2+ 11. Nxd2 O-O 12. Kb1 Nc5 13. Nb3 (13. f4 $11) 13... Na4 (13... Nxb3 $17 14. cxb3 a5) 14. Be2 Qb6 15. f4 (15. h4 $11 {keeps the balance.}) 15... a5 $1 $17 16. Qf2 c5 17. g4 {[#]} (17. Ka1 $17) 17... Nxb2 $1 $19 {[%mdl 512]} 18. Kxb2 {Ka1 is the strong threat.} a4 19. Bf3 axb3 20. cxb3 Qb4 (20... Ra5 $19 {is more deadly.} 21. Ra1 Rfa8) 21. Kb1 (21. Qd2 $17 {is a better defense.}) 21... Ra3 22. Qd2 Qb5 23. Rh2 (23. e5 $17 Nd5 24. Bxd5 exd5 25. Qc1) 23... Rfa8 24. Qc1 Nd7 (24... Qa6 $19 25. Rdd2 Rxb3+ $1 {[%mdl 512]} 26. axb3 Qa1+ 27. Kc2 Qc3+ 28. Kd1 Ra1 29. Qxa1 Qxa1+ 30. Ke2 Nd7) 25. Rb2 Qa6 (25... Nb8 $142 26. Qc4 Qc6) 26. Rdd2 $17 b5 (26... e5 $1 $17 27. f5 b5) 27. e5 $11 Ra7 28. Rdc2 (28. Be4 $11) 28... g6 (28... c4 $1 $17 {[%cal Rc4c3] Strongly threatening ...c3.} 29. dxc4 (29. bxc4 b4 $17) 29... d3) 29. Be2 $2 {[%mdl 8192] [#]} (29. Qd2 $11 {and White stays safe.}) 29... Nb6 $1 $19 {[%cal Bd7b6,Bb6d5,Bd5c3][%mdl 32]} 30. f5 Nd5 {White must now prevent ...Rxa2!} ({Weaker is} 30... exf5 31. Qg5 $17) 31. Qh6 {[#]} Rxa2 $1 {[%mdl 576] Decoy} 32. Rxa2 Nc3+ {[%mdl 64] Double Attack} 33. Kc1 Nxa2+ 34. Kd1 {f6 would kill now.} Nc3+ ({Don't play} 34... exf5 35. gxf5 Nc3+ 36. Ke1 $19) 35. Ke1 {Threatening mate with f6.} exf5 36. gxf5 gxf5 37. Qh4 $2 (37. Qd6 Qxd6 38. exd6) 37... Qg6 {( -> ...Qg1+)} 38. Kf2 {If White can now play Bh5 this consolidates a bit.} Ra1 {Hoping for ...Qg1+.} 39. Bf1 Nd1+ 40. Ke2 Ne3 41. Rxc5 Rxf1 {Accuracy: White = 20%, Black = 50%.} (41... h6 $142 42. e6 Qxe6 43. Rc8+ Qxc8 44. Qxd4 {[#]} Re1+ $1 {[%mdl 576] Decoy} 45. Kxe1 Nc2+ {[%mdl 64] Double Attack} 46. Ke2 Nxd4+ 47. Ke3 Nxb3 48. h4 Qc5+ 49. d4 Qc3+ 50. Kf4 Nxd4 51. Bc4 Qd2+ 52. Ke5 Nc6+ 53. Kxf5 Qd4 {[%mdl 64] Double Attack} 54. Bxf7+ Kxf7 55. h5 Ne7#) 0-1

[Event "ARM-ch Rapid 2019"]
[Site "Yerevan"]
[Date "2019.01.22"]
[Round "4.5"]
[White "Harutyunian, Tigran K."]
[Black "Sargsyan, Shant"]
[Result "1/2-1/2"]
[WhiteElo "2542"]
[BlackElo "2486"]
[Annotator "TA"]
[PlyCount "226"]
[EventDate "2019.01.22"]
[EventType "tourn"]
[EventCountry "ARM"]

{[%evp 21,226,39,40,6,28,0,0,0,10,0,6,12,0,0,0,0,0,0,0,0,0,13,7,-52,-47,-39,0,-7,-7,-7,-7,-8,-8,-10,0,-10,-11,-4,0,0,44,-75,-20,-92,-90,-99,-104,-126,-124,-125,-125,-131,-131,-127,-124,-117,-116,-114,-72,-134,-134,-134,-133,-132,-132,-134,-127,-151,-143,-151,-151,-143,-143,-216,-216,-216,-216,-360,-360,-360,-360,-360,-360,-360,-360,-360,-151,-151,-151,-1575,0,0,0,0,0,0,0,0,0,0,0,0,0,0,0,0,0,0,0,0,0,0,0,0,0,0,0,0,0,-12189,0,0,0,0,0,0,0,0,0,0,0,0,0,0,0,0,0,0,0,0,0,-7274,0,0,0,0,0,0,0,0,0,0,0,0,0,0,0,0,0,0,0,0,0,0,0,0,0,0,0,0,0,0,0,0,0,0,0,0,0,0,0,0,0,0,0,0,0,0,0,0,0,0,0,0,0,0,0,0,0,0,0,0,0,0,0,0,0]} 1. Nf3 d5 2. g3 g6 3. Bg2 Bg7 4. d4 Nf6 5. c4 c6 6. O-O O-O 7. Nbd2 Bf5 8. b3 Ne4 9. Bb2 Nd7 10. Nh4 Nxd2 11. Qxd2 Be6 12. Rac1 {D78: Fianchetto Grünfeld: 6 0-0 c6} (12. cxd5 cxd5 13. Nf3 Nf6 14. Qb4 Qb6 15. Ba3 Rfe8 16. Qxb6 axb6 17. Bb4 Ne4 18. Rfc1 Rec8 19. a4 Kf8 20. e3 Rc6 {½-½ (31) Abasov,N (2623)-Gledura,B (2626) Ankara 2018}) 12... Nf6 13. cxd5 Bxd5 $146 ({Predecessor:} 13... cxd5 14. Qb4 b6 15. Nf3 a5 16. Qa3 Ne4 17. Ne5 Nd6 {½-½ (28) Stanke,J (2306)-Reddmann,H (2338) Hamburg 2004}) 14. f3 Be6 15. e4 a5 $1 16. f4 a4 17. f5 gxf5 18. Nxf5 Bxf5 19. Rxf5 e6 20. Rg5 h6 $1 {[%cal Rh6g5]} 21. Rxg7+ Kxg7 22. d5 (22. b4 $11) 22... axb3 $15 (22... cxd5 $6 23. exd5 Re8 24. Rc4 $14) (22... exd5 $2 23. Rf1 $18) 23. axb3 cxd5 ({Not} 23... exd5 $2 24. Rf1 $18) 24. Rf1 $132 {[%mdl 2048] [#] White puts up resistance} d4 $1 25. Qxd4 (25. Bxd4 e5) 25... Qxd4+ 26. Bxd4 {[#]} e5 $1 {[%cal Re5d4]} 27. Bxe5 Ra6 28. Bb2 Rd8 29. e5 {[%cal Be4e5,Be5e6][%mdl 32]} Ng4 30. e6+ $1 f6 31. Re1 {[#]} (31. Bh3 $1 $14 {stays ahead.} Ra2 32. Bxg4 Rxb2 33. Re1) 31... Re8 (31... Ne5 $1 $17 {[%mdl 512]} 32. e7 (32. Bxe5 fxe5) 32... Re8 33. Bxe5 fxe5 34. Bxb7 Re6) 32. Bd5 ({Reject} 32. Bxb7 Raxe6 33. Rxe6 Rxe6 $17) (32. Bf3 $11 Ne5 33. Bxe5 fxe5 34. Rxe5) 32... Rd6 $1 $17 {[%cal Rd6d5]} 33. Bc4 {[#]} b5 $1 {[%cal Rb5c4][%mdl 512]} 34. Ba3 (34. Bxb5 Rexe6) 34... Ra6 $1 ({Don't play} 34... bxc4 $6 35. Bxd6 cxb3 36. e7 $11) 35. Bxb5 {[%mdl 64] Double Attack} Rexe6 36. Rxe6 Rxe6 {[%mdl 4096] Endgame KRN-KB} 37. Bc5 Re1+ $1 38. Kg2 Rb1 39. b4 Ne5 40. Be2 (40. h4 $142) 40... Rb2 41. Kf1 Nd7 $1 42. Bd6 Nb6 43. b5 Nd5 44. Ba3 Rb1+ 45. Kf2 Nc3 46. Bd3 Rb3 47. Bd6 (47. Bc1 $17 {is a better defense.}) 47... Nxb5 $19 48. Bxb5 Rxb5 {KR-KB} 49. g4 (49. Kg2 {was forced.}) 49... h5 50. h3 Rb3 51. Kg2 Kg6 52. Bf4 Rd3 53. Bc1 f5 (53... h4 $19 {has better winning chances.} 54. Bf4 f5 55. gxf5+ Kxf5) 54. gxf5+ $17 Kxf5 55. h4 $2 (55. Bh6 $17) 55... Ke4 $2 ({Better is} 55... Kg4 $19 56. Bg5 Rf3) 56. Bg5 $11 Rb3 57. Kf2 Kf5 58. Kg2 Kg4 59. Kf2 Rb2+ 60. Ke3 Kg3 61. Bd8 Ra2 62. Bg5 Rc2 63. Bd8 Rc8 64. Bg5 Re8+ 65. Kd3 Kf3 66. Kd2 Re6 67. Kd3 Rd6+ 68. Kc3 Ke4 69. Kc2 Rd3 70. Bf6 $2 {[%mdl 8192] [#]} (70. Bc1 $11 Rd5 71. Bd2) 70... Rd6 $2 (70... Ke3 $1 $19 {[%cal Re3e2]} 71. Bb2 Ke2) 71. Be7 Rd7 (71... Rc6+ {feels hotter.} 72. Kd2 Ke5 73. Bg5 Re6 74. Ke1 Kf5+) 72. Bg5 Kf3 73. Kc3 Kg3 74. Kc4 Rd1 75. Kc3 Kg4 76. Kc4 Kf3 77. Kc3 Rd7 78. Kc4 Ke4 79. Kc3 Rd6 80. Kc2 Rd3 81. Kc1 $2 {[%mdl 8192] [#]} (81. Bf6 $11 Ke3 82. Be7) 81... Kd4 $2 (81... Kf3 $1 $19 {[%cal Rf3g3]} 82. Kc2 Ke2) 82. Kc2 {The position is equal.} Kc4 83. Bf6 Rd7 84. Bg5 $1 Rd5 85. Bf6 Rd3 86. Bg5 Kd4 87. Bf6+ Ke4 88. Bg5 Rd7 89. Kc3 Kf3 90. Kc4 Rd6 91. Kc3 Kg3 92. Kc4 Rd7 93. Kc3 Rd1 94. Kc4 Kg4 95. Kc3 Kf5 96. Kc2 Rd5 97. Kc3 Ke6 {( -> ...Rxg5!)} 98. Bh6 Ke5 99. Bg5 Kf5 100. Kc4 Ke4 101. Kc3 Rd7 {aiming for ...Rd3+.} 102. Kc2 Rd5 103. Kc3 Kf3 104. Kc4 Rd1 105. Kc3 Kg3 {...Kg4 is the strong threat.} 106. Kc4 Kg4 {Hoping for ...Rg1.} 107. Kc3 Kf5 {White must now prevent ...Rd7.} 108. Kc2 Rd4 {Threatens to win with ...Ke5.} 109. Kc3 Ke4 110. Bf6 Rd5 {Strongly threatening ...Rd3+.} 111. Bg5 Rd6 {And now ...Rd3+ would win.} 112. Be7 Rd7 113. Bg5 Ke5 {Accuracy: White = 57%, Black = 66%.} 1/2-1/2

[Event "ARM-ch Rapid 2019"]
[Site "Yerevan"]
[Date "2019.01.22"]
[Round "4.6"]
[White "Petrosyan, Manuel"]
[Black "Hayrapetyan, Artavazd R."]
[Result "1-0"]
[WhiteElo "2579"]
[BlackElo "2374"]
[Annotator "TA"]
[PlyCount "101"]
[EventDate "2019.01.22"]
[EventType "tourn"]
[EventCountry "ARM"]

{[%evp 19,101,0,39,33,26,28,26,-18,28,26,43,35,59,62,56,59,65,41,54,41,37,34,35,41,34,20,62,47,65,37,39,37,36,41,50,41,58,25,109,121,128,109,105,108,144,147,215,105,152,143,141,138,193,112,137,120,134,97,114,114,177,44,51,21,81,120,395,387,376,285,494,485,750,734,877,818,869,849,785,670,1825,1758,2191,2191]} 1. d4 Nf6 2. c4 c5 3. Nf3 g6 4. Nc3 cxd4 5. Nxd4 Bg7 6. g3 O-O 7. Bg2 Nc6 8. O-O Nxd4 9. Qxd4 d6 10. Qd2 a6 11. b3 {A39: Symmetrical English vs ...g6: 4 Bg2 Bg7 5 Nf3 Nf6 6 0-0 0-0 7 d4} Rb8 12. a4 Bd7 13. Ba3 $146 {White has an edge.} ({Predecessor:} 13. Bb2 Qb6 14. Qc2 Rfc8 15. e4 Bc6 16. Nd5 Bxd5 17. exd5 Qc7 18. Qe2 Re8 {½-½ (46) Aliyev,R (2330)-Kanmazalp,O (2473) Batumi 2018}) 13... Qa5 14. Rad1 Qh5 15. Bb4 a5 16. Ba3 $1 Ng4 {[%csl Gg4][%cal Rh5h2]} 17. h4 Nf6 18. Qg5 Bc6 19. Qxh5 Nxh5 20. Nd5 Bxd5 21. Rxd5 b6 22. Bc1 Bc3 23. Rd3 $36 {[%mdl 2048] White is more active.} Bb4 24. Bh3 f5 25. g4 Ng7 26. gxf5 Nxf5 27. h5 {Black must now prevent e4.} gxh5 28. Kh2 e6 (28... Bc5 $11 {remains equal.}) 29. Rg1+ $16 Kf7 30. Bxf5 exf5 31. Rg5 Ke6 32. Rxh5 Rf7 (32... Rg8 $16 33. Rh6+ (33. Rxh7 Rbe8 $16) 33... Rg6) 33. Be3 (33. Rh6+ $18 {is more deadly.} Kd7 34. Bf4) 33... Bc5 34. Bxc5 bxc5 {[%mdl 4096] Endgame KRR-KRR} 35. Rh6+ Rf6 (35... Ke7 $16 {was called for.} 36. Rhxd6 (36. Rdxd6 Rxb3 37. Rd5 Rb4 $16) 36... Rxb3) 36. Rxf6+ ({Don't do} 36. Rxh7 $6 Rg6 $16) (36. Re3+ $18 Kf7 37. Rxh7+ Kg6 38. Rd7) 36... Kxf6 37. Rxd6+ $18 {KR-KR} Kg5 38. Rd3 Kf4 39. Kg2 Rb7 (39... h5 $16 {was necessary.}) 40. Kf1 ({Better is} 40. Rd5 $18) 40... h5 $14 41. e3+ Kf3 (41... Kg4 $1 $11 {keeps the balance.}) 42. Rd5 $1 $16 {[%csl LRc5,LRf5][%mdl 64] [#] Double Attack} Rf7 $2 {[%mdl 8192]} (42... Kg4 $16) 43. Rxc5 $18 h4 {Black hopes to continue with ...h3.} 44. Kg1 Rg7+ $2 {[#]} (44... h3 {is a better defense.} 45. Rxa5 h2+ 46. Kh1 Kxf2) 45. Kh2 $1 {White is clearly winning.} Rf7 (45... Ra7 $142 46. Rxf5+ Ke4) 46. Rxa5 Kxf2 47. Re5 Kf3 48. Kh3 f4 49. exf4 {[%cal Be3f4,Bf4f5][%mdl 32]} Rd7 {intending ...Rd1.} 50. Rd5 Re7 51. f5 {Accuracy: White = 50%, Black = 33%.} 1-0